Statystyki dla Co przygotowuje się przed dzień świąt wielkanocnych

Kliknij tutaj aby rozwiązać quiz!

Ogólne statystyki

  • Ten quiz został rozwiązany 30 razy
  • Średni wynik to 2 z 5

Statystyki odpowiedzi

Odpowiedź% Poprawnych
Święconkę
68%
Ciasta
53%
Pisanki
53%
Mięsa
16%
Ryby
16%

Rozkład punktacji

Percentyl według liczby udzielonych odpowiedzi

Procent ludzi z każdym wynikiem

Twoja historia wyników

Nie rozwiązałeś tego quizu